English Hindi Dictionary (Record no. 5141)

MARC details
000 -LEADER
fixed length control field 00348nam a22001577a 4500
005 - DATE AND TIME OF LATEST TRANSACTION
control field 20160702100029.0
008 - FIXED-LENGTH DATA ELEMENTS--GENERAL INFORMATION
fixed length control field 160702b xxu||||| |||| 00| 0 eng d
020 ## - INTERNATIONAL STANDARD BOOK NUMBER
ISBN 978-0-19-807640-7
041 ## - LANGUAGE CODE
Language code of text/sound track or separate title eng
082 ## - DEWEY DECIMAL CLASSIFICATION NUMBER
Item number 20834
245 ## - TITLE STATEMENT
Title English Hindi Dictionary
260 ## - PUBLICATION, DISTRIBUTION, ETC. (IMPRINT)
Name of publisher Oxford
300 ## - PHYSICAL DESCRIPTION
Number of Pages 1517
650 ## - SUBJECT ADDED ENTRY--TOPICAL TERM
Topical Term Dictionary
942 ## - ADDED ENTRY ELEMENTS (KOHA)
Koha item type Books
Holdings
Lost status Damaged status Collection code Home library Current library Shelving location Date acquired Cost, normal purchase price Full call number Accession Number Koha item type
    LIFE SKILL JRU Library JRU Library SHELF-103-D 02/07/2016 685.00 20834 20834 Books
    LIFE SKILL JRU Library JRU Library SHELF-44-F 02/07/2016 685.00 20834 20835 Books